000 00914nam a2200241 a 4500
001 BRCA_9161
005 20190320210537.0
008 031018s2011----mx-a######---#000-0#spa-#
040 _aDLC
_cDLC
_dDLC
050 4 _aNA7515.P8
_b.M37 2011
100 1 _aMartínez y Torres, Lilia
_922597
245 1 0 _aCasa poblana
_bel escenario de la memoria personal
_cLilia Martínez y Torres, investigación ; edición de imágenes Adrián Mendieta, Lilia Martínez y Torres.
260 _aMéxico
_bFototeca Lorenzo Becerril
_c2011
300 _a237 p.
_bil.
_c33 cm.
500 _aIncluye catálogo de imágenes
504 _aBibliografía: p. 223-227
650 1 4 _aArquitectura doméstica
_zMéxico
_91939
651 4 _aPuebla (México)
_xEdificios, estructuras, etc.
_93182
651 4 _aPuebla (México)
_xVida social y costumbres
_9408
653 0 _aVida cotidiana
700 1 _aMendieta, Adrián
_912972
942 _2lcc
_cB
999 _c8808
_d8808